000 00776nam a2200265Ia 4500
001 Para_5019
003 CHAP
008 220125s1939 xx 000 0 und d
010 _a203484
040 _cCHAP
090 _aPA FOLLETO 2378
100 _aGuba, E. F
_9167938
245 _aControl of tomato leaf mold in greenhouses /
_c E. F. Guba
260 _aAmherst, Mass :
_b Massachusetts State College
300 _a36 p.
440 _aMassachusetts Agr. Exp. Sta. Bull.; 361
_9169294
650 _aTomate
_x Enfermedades por hongos Cultivos en invernadero.
_9169295
901 _aPA FOLLETO 2378
902 _aA
905 _a0000001939 AMH 0000000000 00
910 _a1939
942 _cPARA
942 _cPARA
_d1
999 _c203484
_d203484